000
00295nam a2200109Ia 4500
008
190914s9999||||xx |||||||||||||| ||und||
100
_a
Dr.Sadaf Fatima
245
0
_a
Khavateen kay urdu safir namo ka tehkeeki matala
260
_a
Karachi
_b
Ghazanfar Academy
_c
2002
300
_a
738
942
_c
BK
999
_c
8588
_d
8588